Proceedings of the XVII International Congress "Chemistry Days 1966" on chemical fertilizers /

Guardado en:
Autores Corporativos: International Congress "Chemistry Days 1966" Milan), Federazione delle associazioni scientifiche e tecniche., Società chimica italiana. Sezione lombarda., Associazione italiana di ingegneria chimica.
Otros Autores: Fauser, Giacomo, 1892-, (ed.)
Formato: Libro
Publicado: Oxford, New York : Pergamon Press, [c1968]
Edición:[1st ed.].
Etiquetas: Agregar Etiqueta
Sin Etiquetas, Sea el primero en etiquetar este registro!
LEADER 01085nam a22002055a 4500
001 EEA.libagro001983
008 130809s1968####enka##########100#0#####d
005 20200103122450.0
245 1 0 |a Proceedings of the XVII International Congress "Chemistry Days 1966" on chemical fertilizers /  |c Editor: Giacomo Fauser. 
250 |a [1st ed.]. 
260 |a Oxford, New York :  |b Pergamon Press,  |c [c1968] 
300 |a xix, 186 p. :  |b il. (algunas col.) ;  |c 24 cm. 
500 |a "[The congress was] sponsored by Federazione delle associazioni scientifiche e tecniche and organized under the auspices of Sezione lombarda della Società chimica italiana and Associazione italiana di ingegneria chimica.". 
111 2 |a International Congress "Chemistry Days 1966"  |n (17th :  |c Milan) 
700 1 |a Fauser, Giacomo,  |d 1892-,  |e ed. 
710 2 |a Federazione delle associazioni scientifiche e tecniche. 
710 2 |a Società chimica italiana.  |b Sezione lombarda. 
710 2 |a Associazione italiana di ingegneria chimica. 
082 0 4 |a 631.8 
859 |a AR-BbBCA  |b BIB. AGRONOMIA  |h 631.8  |i I61 17 1966  |p 1969/0029